| 000 | 00479cam a2200193ua 4500 | ||
|---|---|---|---|
| 001 | 2455 | ||
| 005 | 20260515113512.0 | ||
| 008 | 110817n ii |||gr||||Z||||||asm | ||
| 040 | _cMAIN | ||
| 082 | _a398.09145 | ||
| 100 | 1 | _aKuli, Jawahar Jyoti, | |
| 245 | 1 |
_aMishing sanskriti _cby Jawahar jyoti Kuli |
|
| 250 | _a1st. | ||
| 260 |
_aDibrugarh: _bKaustubh Prakashan, _c2009. |
||
| 300 |
_a123p: _bill; _c23cm. |
||
| 653 | _aFolklore | ||
| 653 | _aAssamese culture | ||
| 942 | _cBK | ||
| 999 |
_c2310 _d2310 |
||